000 01386naa a22003017a 4500
001 BR8802162
003 BR-BrBNA
005 20240918180003.0
007 ta
008 230509b bl.||||| |||| 00| 0 por d
040 _aBR-BrBNA
_bpor
_cBiblioteca Nacional de Agricultura
041 _a(Pt)
072 _aF02; F01
_b3300
_b3650
090 _aF02 BR8802162
100 1 _aMiranda, R.M.
100 1 _aPaixao, M.P.
111 1 _a4. Congresso Brasileiro de Floricultura e Plantas Ornamentais
_cRio de Janeiro, RJ (Brazil)
_d3-8 Oct 1983
245 1 _aEfeitos do acido naftaleno acetico (ANA)e do diametro de caule na propagacao de Philodendron burle-Marxii por estacas
260 3 _aBrasilia, DF (Brasil):
_bEmpresa Brasileira de Pesquisa Agropecuaria, Departamento de Difusao de Tecnologia,
_c1984.
500 _aAnais do 4. Congresso Brasileiro de Floricultura e Plantas Ornamentais Brasilia, DF (Brasil): Empresa Brasileira de Pesquisa Agropecuaria, Departamento de Difusao de Tecnologia, 1984. p. 227-233 (BR8802162-AM)F02
650 _aPLANTA ORNAMENTAL
650 _aESTACA
650 _aENRAIZAMENTO DE ESTACA
650 _aESTIMULANTE DE CRESCIMENTO VEGETAL
773 0 _tAnais do 4. Congresso Brasileiro de Floricultura e Plantas Ornamentais
_wF02 BR8802162
_gBrasilia, DF (Brasil), 1984. p. 227-233
909 _a202404
_bLucia
_c55
_dLucia Elande
942 _cAM
_2AGRIS
999 _c319125
_d319125